000 00680nam a2200217Ia 4500
003 GCL
008 140319s9999 xx 000 0 ara d
040 _aGCL /
_cGCL
082 0 4 _a945.8
_bع ت
100 1 _aامين توفيق الطيبى
245 1 0 _aتاريخ صقلية الاسلامية /
_cامين توفيق الطيبى
700 1 _aعزيز احمد
260 _aليبيا :
_bالدار العربية للكتاب ،
_c1980
300 _a178 ص ؛
_c24 سم
490 _a
650 0 4 _aالفتوحات الاسلامية
650 0 4 _aالتاريخ الاسلامى
650 0 4 _aفتح الاندلس
650 0 4 _aصقلية
942 _2ddc
_cBK
999 _c55409
_d55409